| 000 | 00472cam a2200193ua 4500 | ||
|---|---|---|---|
| 001 | 1985 | ||
| 008 | 110811n ii |||gr||||Z||||||eng | ||
| 040 | _cMAIN | ||
| 082 | _a370.54 | ||
| 100 |
_aBora, _eAuthor. |
||
| 245 | 1 |
_aTheory of education in india _cby Bora & Dutta |
|
| 250 | _a1st. | ||
| 260 |
_aCalcutta: _bSribhumi publishing co. |
||
| 300 |
_a244p: _c23cm. |
||
| 653 | _aEducation | ||
| 653 | _aTheory of education in india | ||
| 700 | _aDutta, | ||
| 942 | _cBK | ||
| 999 |
_c1857 _d1857 |
||